Zuk

Kaydedildi:
Detaylı Bibliyografya
Yazar: Zuk, Georges
Materyal Türü: Kitap
Dil:English
Baskı/Yayın Bilgisi: Ontario, Canadá Porcupine´s Quill 1982
Konular:
Etiketler: Etiketle
Etiket eklenmemiş, İlk siz ekleyin!

MARC

LEADER 00000nam a2200000Ia 4500
008 170316s9999 xx 000 0 eng d
040 |a cru BVZT 
090 |a 818 Z-1z 
100 |a Zuk, Georges 
245 |a Zuk 
260 |a Ontario, Canadá 
260 |b Porcupine´s Quill 
260 |c 1982 
300 |a 178 páginas 
650 |a LITERATURA CANADIENSE 
999 |c 6692  |d 6692 
942 |c 15 D  |h 818 Z-1z  |2 z